Propuesta sobre indicadores demograficos para incluir en el sistema de indicadores sociales de Costa Rica

Kaydedildi:
Detaylı Bibliyografya
Müşterek Yazar: Costa Rica. Ministerio de Planificación Nacional y Política Económica
Materyal Türü: Metin
Baskı/Yayın Bilgisi: San José: MIDEPLAN
Etiketler: Etiketle
Etiket eklenmemiş, İlk siz ekleyin!

MARC

LEADER 00000 a a2200000 04500
001 25148
003
040 |a CRAI/IIS  |c CRAI/IIS 
090 |a 182200  
110 |a Costa Rica. Ministerio de Planificación Nacional y Política Económica  
245 |a Propuesta sobre indicadores demograficos para incluir en el sistema de indicadores sociales de Costa Rica  
260 |a San José:   |b MIDEPLAN  
300 |a 8 p.   |b **no definido**  
999 |c 1961  |d 1961